Euskal iztegi labura / (Record no. 58825)

MARC details
000 -LEADER
campo de control de longitud fija 00555nam a2200181 i 4500
001 - NÚMERO DE CONTROL
campo de control 58825
003 - IDENTIFICADOR DE NÚMERO DE CONTROL
campo de control ES-MaACL
005 - FECHA Y HORA DE LA ÚLTIMA TRANSACCIÓN
campo de control 20230906163909.0
007 - CAMPO FIJO DE DESCRIPCIÓN FÍSICA--INFORMACIÓN GENERAL
campo de control de longitud fija t|
008 - DATOS DE LONGITUD FIJA--INFORMACIÓN GENERAL
campo de control de longitud fija 031024s1966 sp ||||1| baq d
100 1# - ENTRADA PRINCIPAL--NOMBRE DE PERSONA
Nombre de persona Etxebarria, Jon Gotzon (
Fechas asociadas al nombre 1934-1996)
9 (RLIN) 48305
245 10 - MENCIÓN DEL TÍTULO
Título Euskal iztegi labura /
Mención de responsabilidad, etc. Etxebarria'tar Juan Anjel.
260 ## - PUBLICACIÓN, DISTRIBUCIÓN, ETC.
Lugar de publicación, distribución, etc. [Bilbao] :
Nombre del editor, distribuidor, etc. S. Antorigo Katekesia,
Fecha de publicación, distribución, etc. [1966]
300 ## - DESCRIPCIÓN FÍSICA
Extensión 12 h. :
Otras características físicas il. ;
Dimensiones 17 cm.
500 ## - NOTA GENERAL
Nota general Son las letras E-F.
650 14 - PUNTO DE ACCESO ADICIONAL DE MATERIA--TÉRMINO DE MATERIA
Término de materia o nombre geográfico como elemento de entrada Lengua vasca-
Subdivisión de forma Diccionarios.
9 (RLIN) 14333
852 ## - LOCALIZACIÓN
Ubicación ES-MaACL
Número de control de estantería 2059-F-17
Sublocalización o colección R.64633
Holdings
Estatus retirado Estado de pérdida Estado de daño No para préstamo Colección Biblioteca de origen Biblioteca actual Ubicación en estantería Fecha de adquisición Fuente de adquisición Total de préstamos Signatura topográfica completa Código de barras Visto por última vez Precio de reemplazo Tipo de ítem Koha
        Colección de folletos Biblioteca del Ateneo de Madrid Biblioteca del Ateneo de Madrid Depósito folletos 17/01/2008     2059-F-17 1061711 23/02/2023 23/02/2023 Folleto